| 000 | 01131cam a2200325 a 4500 | ||
|---|---|---|---|
| 001 | 2126 | ||
| 005 | 20250206161043.0 | ||
| 020 | _a0375813675 ( | ||
| 020 | _a037591367 | ||
| 040 |
_aDLC _cDLC _dDLC _beng |
||
| 050 | 0 | 0 |
_aPZ7.R8139 _bRu 2002 |
| 082 | 0 | 0 |
_221 _a813.54 |
| 100 | 1 |
_aRoy, Ron _d1940- |
|
| 245 | 1 | 4 |
_aThe runaway racehorse / _cby Ron Roy ; illustrated by John Steven Gurney. |
| 250 | _aFirst Scholastic printing, September 2003 | ||
| 260 |
_aNew York : _bScholastic, _c2002 |
||
| 300 |
_a84 pages : _billustrations _c21 cm |
||
| 490 | 1 | _aA to Z mysteries | |
| 500 | _a"A Stepping Stone book." | ||
| 505 | _aK | ||
| 520 | _aDink, Josh, and Ruth Rose investigate the disappearance of a valuable racehorse that Dink's uncle and his friend, Forest Evans, have just bought and entered in a race at Saratoga. | ||
| 521 | 0 |
_a580 _bLexile |
|
| 521 | 0 |
_aK _bRaz-Plus |
|
| 650 | 1 |
_aRace horses _vFiction. |
|
| 650 | 1 |
_aHorses _vFiction. |
|
| 650 | 1 | _aMystery and detective stories. | |
| 700 | 1 |
_aGurney, John Steven _d1962- _eillrustrator |
|
| 906 |
_a7 _bcbc _corignew _d1 _eecip _f20 _gy-gencatlg |
||
| 942 |
_2ddc _cBK _n0 |
||
| 999 |
_c2126 _d2126 |
||